[Event "Piemonte-ch"]
[Site "Turin"]
[Date "2008.04.25"]
[Round "6"]
[White "Sattanino, Andrea"]
[Black "Militello, Michele"]
[Result "0-1"]
[WhiteElo "1840"]
[BlackElo "1893"]
[PlyCount "54"]
[EventDate "2008.04.20"]
[EventType "swiss"]
[EventRounds "9"]
[EventCountry "ITA"]
[SourceTitle "EXT 2011"]
[Source "ChessBase"]
[SourceDate "2010.11.26"]
[SourceVersion "1"]
[SourceVersionDate "2010.11.26"]
[SourceQuality "1"]

1. d4 d5 2. c4 e6 3. Nc3 Nf6 4. Bf4 Bd6 5. Bg3 0-0 6. e3 c5 7. Nf3 b6 8. Bd3 Nc6 9. Rc1 Bb7 10. Nb5 Bxg3 11. hxg3 a6 12. Ne5 g6 13. Nc3 dxc4 14. Bxc4 cxd4 15. exd4 Nxd4 16. Qd2 Nf5 17. Qg5 Kg7 18. Rd1 Qc7 19. Qf4 Bxg2 20. Rh2 Bd5 21. g4 Nxg4 22. Bxd5 Nxe5 23. Ne2 exd5 24. Rxd5 Nf3+ 25. Qxf3 Qxh2 26. Qc3+ Kg8 27. Qf6 Qh1+ 0-1

[Event "Piemonte-ch"]
[Site "Turin"]
[Date "2008.04.21"]
[Round "2"]
[White "Militello, Michele"]
[Black "Trusso Cafarello, Sebastiano"]
[Result "1-0"]
[WhiteElo "1893"]
[BlackElo "1521"]
[PlyCount "59"]
[EventDate "2008.04.20"]
[EventType "swiss"]
[EventRounds "9"]
[EventCountry "ITA"]
[SourceTitle "EXT 2011"]
[Source "ChessBase"]
[SourceDate "2010.11.26"]
[SourceVersion "1"]
[SourceVersionDate "2010.11.26"]
[SourceQuality "1"]

1. d4 e6 2. c4 Nf6 3. Nf3 Be7 4. Bg5 0-0 5. Nc3 c5 6. e3 cxd4 7. exd4 b6 8. Bd3 Bb7 9. Qe2 Re8 10. 0-0 d5 11. Bxf6 Bxf6 12. cxd5 exd5 13. Ne5 Bxe5 14. dxe5 Nc6 15. f4 f6 16. Qh5 g6 17. Bxg6 hxg6 18. Qxg6+ Kf8 19. exf6 Qd7 20. Qh6+ Kg8 21. Rf3 Kf7 22. Qh7+ Ke6 23. Re3+ Kd6 24. Nb5+ Kc5 25. Qxd7 Rxe3 26. Qxb7 Rb8 27. Rc1+ Kxb5 28. Qxc6+ Ka6 29. Rc3 Rxc3 30. Qxc3 1-0